| 000 | 00568nam a2200205Ia 4500 | ||
|---|---|---|---|
| 003 | OSt | ||
| 005 | 20230411115501.0 | ||
| 008 | 210423s2009 xx 000 0 und d | ||
| 020 | _a195695941 | ||
| 040 | _cAL | ||
| 041 | _aeng | ||
| 082 | _a658.4 BHAD | ||
| 100 |
_aBHATTACHARYYA (Dipak Kumar). _986072 |
||
| 245 | _aOrganizational behaviour: concepts and applications. | ||
| 260 |
_aOxford _bOxford University Press _c2009 |
||
| 300 |
_axvi,628 _bPB |
||
| 365 |
_b325 _cINR |
||
| 906 | _aapplications ; behaviour ; concepts ; Organizational | ||
| 942 |
_2ddc _cBK |
||
| 999 |
_c158463 _d158463 |
||